00426nam a22001457a 4500003000400000005001700004008004100021040000800062100002500070245006700095260005200162300000700214500001600221650004300237OSt20230131111821.0230131b |||||||| |||| 00| 0 eng d ceng aSiriwardana, D.G.K.C aTraining Exposure Report At Asiri Medical Hospital Narahenpita aRajagiriyabInstitute of Chemistry Ceylonc2022 a64 aDLT Reports aTraining report|Asiri Medical Hospital